[Event "Southwest op 84th"]
[Site "Irving"]
[Date "2018.09.03"]
[Round "9"]
[White "Hung, Daniel"]
[Black "Stremavicius, Titas"]
[Result "0-1"]
[WhiteElo "1994"]
[BlackElo "2467"]
[PlyCount "54"]
[EventDate "2018.08.30"]
[EventType "swiss"]
[EventRounds "9"]
[EventCountry "USA"]
[SourceTitle "CBM 186 Extra"]
[Source "ChessBase"]
[SourceDate "2018.08.24"]
[SourceVersion "1"]
[SourceVersionDate "2018.08.24"]
[SourceQuality "1"]

1. e4 d6 2. d4 Nf6 3. Nc3 g6 4. f4 Bg7 5. Nf3 c5 6. d5 0-0 7. Bc4 b5 8. Nxb5 Nxe4 9. 0-0 Nd7 10. Bd3 a6 11. Na3 Nef6 12. c4 e6 13. dxe6 fxe6 14. Re1 Re8 15. Rb1 Rb8 16. b3 Bb7 17. Bb2 Qc7 18. Ng5 e5 19. fxe5 Nxe5 20. Bxe5 Rxe5 21. Rxe5 dxe5 22. Qe2 Qd6 23. Rd1 Qd4+ 24. Qf2 e4 25. Bc2 Ng4 26. Qxd4 Bxd4+ 27. Kf1 Rf8+ 0-1

[Event "North American-ch U20"]
[Site "Irving"]
[Date "2017.09.05"]
[Round "9"]
[White "Hung, Daniel"]
[Black "Proleiko, Julian"]
[Result "1-0"]
[WhiteElo "1852"]
[BlackElo "2149"]
[PlyCount "113"]
[EventDate "2017.08.31"]
[EventType "swiss"]
[EventRounds "9"]
[EventCountry "USA"]
[SourceTitle "CBM 180 Extra"]
[Source "ChessBase"]
[SourceDate "2017.10.06"]
[SourceVersion "1"]
[SourceVersionDate "2017.10.06"]
[SourceQuality "1"]

1. e4 c6 2. d4 d5 3. Nc3 dxe4 4. Nxe4 Bf5 5. Ng3 Bg6 6. h4 h6 7. Nf3 Nd7 8. Bd3 Bxd3 9. Qxd3 e6 10. Bd2 Ngf6 11. 0-0-0 Be7 12. c4 Qc7 13. Bc3 b5 14. c5 0-0 15. Rde1 Rfd8 16. Qc2 Nd5 17. Bd2 a5 18. Ne4 N7f6 19. Kb1 a4 20. Qc1 Ng4 21. Re2 Bf8 22. Nc3 Qd7 23. Bf4 Nxc3+ 24. Qxc3 Qd5 25. Bg3 Qf5+ 26. Ka1 Rd7 27. Rhe1 Rb7 28. Ne5 Nxe5 29. Rxe5 b4 30. Qd2 Qf6 31. h5 Qd8 32. Bf4 Rd7 33. Be3 b3 34. a3 Qf6 35. Qb4 Rad8 36. Rc1 Qe7 37. Qxa4 Rb8 38. Qxc6 Ra7 39. Kb1 Qd8 40. Qf3 Qa5 41. Qg3 Kh8 42. Rxe6 Qb5 43. Bf4 Rbb7 44. Re3 Ra4 45. c6 Qf5+ 46. Rd3 Rxd4 47. Rcd1 Re7 48. Bc1 Re1 49. Rxe1 Rxd3 50. Qe5 Qxf2 51. c7 Qc2+ 52. Ka1 Kg8 53. Qe2 Rc3 54. bxc3 Qxc3+ 55. Bb2 Qxc7 56. Rc1 Qb7 57. Qf3 1-0

[Event "Washington op"]
[Site "Washington DC "]
[Date "2015.10.10"]
[Round "6"]
[White "Hung, Daniel"]
[Black "Tia, Rudy Jr"]
[Result "0-1"]
[WhiteElo "1538"]
[BlackElo "2146"]
[PlyCount "116"]
[EventDate "2015.10.07"]
[EventType "swiss"]
[EventRounds "9"]
[EventCountry "USA"]
[SourceTitle "CBM 168 Extra"]
[Source "ChessBase"]
[SourceDate "2015.10.29"]
[SourceVersion "1"]
[SourceVersionDate "2015.10.29"]
[SourceQuality "1"]

1. e4 e6 2. d4 d5 3. e5 c5 4. c3 Nc6 5. Nf3 Qb6 6. a3 c4 7. g3 Bd7 8. h4 h6 9. Bh3 0-0-0 10. 0-0 Na5 11. Nbd2 Ne7 12. Qe2 Ba4 13. Kg2 Kb8 14. Ne1 g5 15. h5 Nf5 16. f4 Nb3 17. Nxb3 cxb3 18. Rf3 Bb5 19. Qf2 g4 20. Bxg4 Rg8 21. Bxf5 exf5 22. Bd2 Qa6 23. Re3 Be7 24. Kh2 Rg7 25. Rd1 Rdg8 26. Bc1 Qe6 27. Ng2 Qa6 28. Rd2 Be8 29. Qe1 Bd7 30. Rf3 b5 31. Qe3 Be6 32. Qd3 Qc6 33. Ne3 Qd7 34. Qf1 Rc8 35. Qd1 f6 36. Qxb3 Bf7 37. Rff2 fxe5 38. dxe5 Bc5 39. Rfe2 d4 40. Qd1 Bxh5 41. g4 fxg4 42. cxd4 g3+ 43. Kg2 Qb7+ 44. Kg1 Bxe2 45. Qxe2 Bxd4 46. Rxd4 Rxc1+ 47. Nf1 g2 48. Rd8+ Kc7 49. Rd1 gxf1Q+ 50. Kxf1 Qh1+ 51. Kf2 Rg2+ 52. Ke3 Rxe2+ 53. Kxe2 Qxd1+ 54. Ke3 Rc4 55. f5 Qd4+ 56. Ke2 Rc2+ 57. Ke1 Qd2+ 58. Kf1 Rc1# 0-1

[Event "Washington op"]
[Site "Washington DC "]
[Date "2015.10.08"]
[Round "3"]
[White "Hung, Daniel"]
[Black "Velikanov, Alexander"]
[Result "0-1"]
[WhiteElo "1538"]
[BlackElo "2304"]
[PlyCount "66"]
[EventDate "2015.10.07"]
[EventType "swiss"]
[EventRounds "9"]
[EventCountry "USA"]
[SourceTitle "CBM 168 Extra"]
[Source "ChessBase"]
[SourceDate "2015.10.29"]
[SourceVersion "1"]
[SourceVersionDate "2015.10.29"]
[SourceQuality "1"]

1. e4 c5 2. Nc3 e6 3. f4 a6 4. d3 d5 5. Nf3 Nf6 6. Be2 Nc6 7. 0-0 Be7 8. Qe1 b5 9. e5 Nd7 10. Bd1 Qc7 11. Qg3 g6 12. Re1 Bb7 13. Ne2 0-0-0 14. c3 f5 15. Ng5 Bxg5 16. Qxg5 d4 17. Bb3 Rde8 18. cxd4 cxd4 19. Bd2 Nc5 20. Qg3 Nxb3 21. axb3 b4 22. Qf2 Rd8 23. Rec1 Qb6 24. Rc4 Kb8 25. Nxd4 Rxd4 26. Be3 Rhd8 27. Rac1 Rxc4 28. dxc4 Nd4 29. c5 Qc6 30. Bxd4 Rxd4 31. Kf1 Qd5 32. Rc2 Rd1+ 33. Ke2 Qd4 0-1

[Event "US Open-116"]
[Site "Phoenix"]
[Date "2015.08.02"]
[Round "2"]
[White "Diamant, Andre"]
[Black "Hung, Daniel"]
[Result "1-0"]
[WhiteElo "2483"]
[BlackElo "1407"]
[PlyCount "155"]
[EventDate "2015.08.01"]
[EventType "swiss"]
[EventRounds "9"]
[EventCountry "USA"]
[SourceTitle "CBM 167 Extra"]
[Source "ChessBase"]
[SourceDate "2015.09.14"]
[SourceVersion "1"]
[SourceVersionDate "2015.09.14"]
[SourceQuality "1"]

1. e4 e6 2. d4 d5 3. Nd2 c5 4. exd5 Qxd5 5. dxc5 Bxc5 6. Ngf3 Nf6 7. Bc4 Qd6 8. 0-0 0-0 9. Qe2 a6 10. Bd3 Ba7 11. Nc4 Qc7 12. Bg5 Nbd7 13. Rad1 b5 14. Nce5 Bb7 15. Nxd7 Nxd7 16. Be7 Bxf3 17. Qxf3 Ne5 18. Bxh7+ Kxh7 19. Qh5+ Kg8 20. Bd6 Qxc2 21. Bxf8 Nd3 22. Bxg7 Kxg7 23. Qg5+ Kf8 24. Qh6+ Kg8 25. Qg5+ Kf8 26. Qh6+ Kg8 27. Qd2 Qxd2 28. Rxd2 Ne5 29. Rfd1 Bb6 30. Re2 Ng4 31. g3 Nf6 32. Kg2 Nd5 33. Rc1 Kg7 34. Rc6 Rd8 35. Kf3 Rb8 36. Rd6 Rb7 37. h4 a5 38. Rd2 Bc7 39. Rd7 Nf6 40. R7d3 Nd5 41. a3 Be5 42. Rc2 Bf6 43. Rc5 Be7 44. Rc6 Bf6 45. Ra6 a4 46. b3 Nc3 47. bxa4 bxa4 48. g4 Rb3 49. g5 Be7 50. Rxa4 Bxa3 51. Rc4 Bb2 52. Kg4 Ra3 53. Rb4 Ba1 54. h5 Ra7 55. f4 Nd5 56. Rc4 Ra2 57. h6+ Kh7 58. Rxd5 exd5 59. Rc7 Kg8 60. Rc8+ Kh7 61. Rd8 d4 62. Rf8 Ra7 63. Kh5 d3 64. f5 Ra5 65. Rxf7+ Kg8 66. Kg6 Ra8 67. Rd7 Rf8 68. Rxd3 Kh8 69. f6 Bb2 70. Rd7 Rg8+ 71. Kf5 Rf8 72. Re7 Ba3 73. Rb7 Bc1 74. g6 Bxh6 75. Rh7+ Kg8 76. Rxh6 Rxf6+ 77. Kxf6 Kf8 78. Rh8# 1-0